Reti territoriali contro le discriminazioni
Gardado en:
| Corporate Authors: | , |
|---|---|
| Formato: | Libro |
| Idioma: | inglés |
| Publicado: |
Roma
UNAR
2011
|
| Tags: |
Sen Etiquetas, Sexa o primeiro en etiquetar este rexistro!
|
MARC
| LEADER | 00000nam a2200000 4500 | ||
|---|---|---|---|
| 005 | 20240529195706.0 | ||
| 008 | 240529b |||||||| |||| 00| 0 eng d | ||
| 040 | |c GP | ||
| 110 | |a UNAR | ||
| 245 | |a Reti territoriali contro le discriminazioni | ||
| 260 | |a Roma |b UNAR |c 2011 | ||
| 710 | |a Ministero per le Pari Opportunità | ||
| 942 | |2 ddc |c BK |n 0 | ||
| 952 | |0 0 |1 0 |2 ddc |4 0 |6 344_010000000000000_UNA |7 1 |9 1330 |a RM |b RM |d 2024-05-29 |l 0 |o 344.01 UNA |p 164 |r 2024-05-29 19:57:26 |w 2024-05-29 |y BK | ||
| 999 | |c 1227 |d 1227 | ||